[Event "Pula op 35th"]
[Site "Pula"]
[Date "2023.06.22"]
[Round "6"]
[White "Medancic, Rikard"]
[Black "Mammadova, Narmin"]
[Result "0-1"]
[WhiteElo "2133"]
[BlackElo "2221"]
[PlyCount "58"]
[EventDate "2023.06.17"]
[EventType "swiss"]
[EventRounds "9"]
[EventCountry "CRO"]
[SourceTitle "CBM 214 Extra"]
[Source "ChessBase"]
[SourceDate "2023.07.31"]
[SourceVersion "1"]
[SourceVersionDate "2023.07.31"]
[SourceQuality "1"]

1. d4 d5 2. Nf3 Nf6 3. Bg5 Ne4 4. Bf4 c5 5. e3 Qb6 6. Qc1 Nc6 7. c3 f6 8. h3 cxd4 9. exd4 e5 10. Be3 exd4 11. Nxd4 Nxd4 12. Bxd4 Bc5 13. Bxc5 Nxc5 14. Be2 0-0 15. 0-0 Bf5 16. Na3 Rfe8 17. Bf3 Rad8 18. Nc2 Be4 19. Bxe4 dxe4 20. b3 Nd3 21. Qe3 Qa5 22. Qd2 f5 23. Ne3 f4 24. Nc4 Qh5 25. Kh2 e3 26. fxe3 fxe3 27. g4 Qc5 28. Qe2 b5 29. Nb2 Nxb2 0-1

[Event "CRO-chT1A 30th"]
[Site "Porec"]
[Date "2022.10.01"]
[Round "8.2"]
[White "Medancic, Rikard"]
[Black "Vernacki, Srdjan"]
[Result "1/2-1/2"]
[WhiteElo "2120"]
[BlackElo "2280"]
[PlyCount "95"]
[EventDate "2022.09.24"]
[EventType "team-tourn"]
[EventRounds "9"]
[EventCountry "CRO"]
[SourceTitle "CBM 210 Extra"]
[Source "ChessBase"]
[SourceDate "2022.11.30"]
[SourceVersion "1"]
[SourceVersionDate "2022.11.30"]
[SourceQuality "1"]
[WhiteTeam "Sesvete Agroproteinka"]
[BlackTeam "Strigova Stridon"]
[WhiteTeamCountry "CRO"]
[BlackTeamCountry "CRO"]

1. d4 Nf6 2. Nf3 e6 3. Bg5 h6 4. Bxf6 Qxf6 5. c3 g6 6. Nbd2 Bg7 7. e4 Qe7 8. Bd3 d6 9. 0-0 e5 10. dxe5 dxe5 11. a4 0-0 12. Re1 Nd7 13. Qb3 Nc5 14. Qa3 Re8 15. Bf1 Bd7 16. a5 Rad8 17. Nb3 Nxb3 18. Qxb3 Bc8 19. Red1 c6 20. Be2 Qc7 21. Qc2 h5 22. h3 Bh6 23. Nd2 Bxd2 24. Rxd2 Kg7 25. b4 Rxd2 26. Qxd2 Rd8 27. Qe3 b6 28. axb6 axb6 29. h4 Be6 30. g3 c5 31. bxc5 bxc5 32. Kg2 Rb8 33. Qd2 Qc6 34. Qe3 Qc7 35. Qd2 Rd8 36. Qe3 Qb6 37. Rd1 Ra8 38. Rd2 Qc7 39. Rd1 Qe7 40. Rb1 Qc7 41. Rd1 Qc6 42. Rd2 Ra4 43. Bf3 Ra8 44. Rd1 Rc8 45. Rd2 Bb3 46. Rb2 Qe6 47. Rd2 Bc4 48. Rd1 1/2-1/2

[Event "Hum na Sutli op 14th"]
[Site "Hum na Sutli"]
[Date "2022.08.21"]
[Round "4"]
[White "Medancic, Rikard"]
[Black "Kolednjak, Tomislav"]
[Result "0-1"]
[WhiteElo "2135"]
[BlackElo "1960"]
[PlyCount "70"]
[EventDate "2022.08.20"]
[EventType "swiss"]
[EventRounds "9"]
[EventCountry "CRO"]
[SourceTitle "CBM 210 Extra"]
[Source "ChessBase"]
[SourceDate "2022.11.30"]
[SourceVersion "1"]
[SourceVersionDate "2022.11.30"]
[SourceQuality "1"]

1. c4 e6 2. Nf3 d5 3. g3 Nf6 4. Bg2 dxc4 5. Qa4+ Nbd7 6. Qxc4 a6 7. Qc2 c5 8. 0-0 b5 9. b3 Bb7 10. Bb2 Be7 11. d3 0-0 12. e4 Rc8 13. Qe2 Qc7 14. Nbd2 Rfd8 15. Rac1 Qb8 16. e5 Nd5 17. Ne4 Qa8 18. a3 a5 19. Nfd2 a4 20. bxa4 Qxa4 21. f4 c4 22. dxc4 bxc4 23. Kh1 c3 24. Nxc3 Nxc3 25. Bxc3 Ba6 26. Qd1 Qxa3 27. Nb1 Qa2 28. Re1 Nxe5 29. Qh5 Nd3 30. h3 Nxc1 31. Be4 f5 32. Bxf5 Bb7+ 33. Be4 Bxe4+ 34. Rxe4 Qxb1 35. Qe5 Nd3+ 0-1

[Event "Hum na Sutli op 14th"]
[Site "Hum na Sutli"]
[Date "2022.08.20"]
[Round "1"]
[White "Gundic, Danijel"]
[Black "Medancic, Rikard"]
[Result "1-0"]
[WhiteElo "1759"]
[BlackElo "2135"]
[PlyCount "93"]
[EventDate "2022.08.20"]
[EventType "swiss"]
[EventRounds "9"]
[EventCountry "CRO"]
[SourceTitle "CBM 210 Extra"]
[Source "ChessBase"]
[SourceDate "2022.11.30"]
[SourceVersion "1"]
[SourceVersionDate "2022.11.30"]
[SourceQuality "1"]

1. d4 Nf6 2. Bf4 d6 3. Nc3 Nbd7 4. e4 e5 5. dxe5 dxe5 6. Bg3 c6 7. Qd2 Nh5 8. Nf3 Nxg3 9. hxg3 Be7 10. Bc4 b5 11. Bb3 a5 12. a4 b4 13. Nd1 h6 14. Ne3 Qc7 15. Nf5 Bf8 16. Ng5 Nf6 17. Bxf7+ Qxf7 18. Nxf7 Kxf7 19. Nd6+ Bxd6 20. Qxd6 Re8 21. f3 Re6 22. Qc7+ Bd7 23. 0-0-0 Re7 24. Qb7 Rae8 25. Qb6 Ra8 26. Rd2 c5 27. Qxc5 Bxa4 28. b3 Be8 29. Kb2 Raa7 30. Rhd1 Kg6 31. Ra1 a4 32. bxa4 Rac7 33. Qe3 Nd7 34. Rd5 Rc6 35. a5 Nb8 36. Qd2 Ree6 37. f4 Kh7 38. Rxe5 Rxe5 39. fxe5 Nd7 40. Qd5 Rc5 41. Qd6 Rxe5 42. a6 Rxe4 43. a7 Ne5 44. Qxe5 Rxe5 45. a8Q Bg6 46. Ra5 Re2 47. Rc5 1-0

[Event "EU-ch Online U2300 Qual"]
[Site "Chess.com INT"]
[Date "2020.05.25"]
[Round "2"]
[White "De Verdier, Michael Carl Adam"]
[Black "Medancic, Rikard"]
[Result "0-1"]
[WhiteElo "2291"]
[BlackElo "2145"]
[PlyCount "112"]
[EventDate "2020.05.25"]
[EventType "swiss"]
[EventRounds "8"]
[EventCountry "NET"]
[SourceTitle "EXT 2021"]
[Source "ChessBase"]
[SourceDate "2020.10.23"]
[SourceVersion "1"]
[SourceVersionDate "2020.10.23"]
[SourceQuality "1"]

1. Nf3 d5 2. e3 Nf6 3. c4 c6 4. Nc3 e6 5. d4 Nbd7 6. Bd2 Bd6 7. Bd3 Qe7 8. Qc2 h6 9. 0-0 0-0 10. Rad1 Rd8 11. e4 dxe4 12. Nxe4 Nxe4 13. Bxe4 Nf6 14. Bd3 b6 15. Rfe1 Bb7 16. a3 a5 17. Rc1 Qc7 18. c5 bxc5 19. dxc5 Bf4 20. Bxf4 Qxf4 21. Ne5 Ba6 22. Bxa6 Rxa6 23. Qc4 Qxc4 24. Nxc4 Rd5 25. b4 axb4 26. axb4 Rd4 27. Red1 Rxd1+ 28. Rxd1 Nd5 29. g3 Nxb4 30. Rb1 Nd5 31. Rb8+ Kh7 32. Rc8 Ra1+ 33. Kg2 Rc1 34. Nd6 Rxc5 35. Nxf7 Rc2 36. Ne5 c5 37. h4 Nf6 38. Kf3 h5 39. Rc7 Rc3+ 40. Kg2 Ne4 41. Nd7 Rc2 42. Nf8+ Kh6 43. Nxe6 Rxf2+ 44. Kg1 Rf3 45. Nxc5 Rxg3+ 46. Kh2 Rg4 47. Nxe4 Rxh4+ 48. Kg3 Rxe4 49. Rc6+ g6 50. Rd6 Ra4 51. Kh3 Ra5 52. Kg3 Kg5 53. Rd3 h4+ 54. Kh3 Kh5 55. Rb3 g5 56. Rb4 g4+ 0-1

[Event "EU-ch Online U2300 Qual"]
[Site "Chess.com INT"]
[Date "2020.05.25"]
[Round "5"]
[White "Florescu, Codrut Constantin"]
[Black "Medancic, Rikard"]
[Result "1-0"]
[WhiteElo "2293"]
[BlackElo "2145"]
[PlyCount "65"]
[EventDate "2020.05.25"]
[EventType "swiss"]
[EventRounds "8"]
[EventCountry "NET"]
[SourceTitle "EXT 2021"]
[Source "ChessBase"]
[SourceDate "2020.10.23"]
[SourceVersion "1"]
[SourceVersionDate "2020.10.23"]
[SourceQuality "1"]

1. d4 Nf6 2. c4 e6 3. Nf3 Bb4+ 4. Nbd2 d5 5. a3 Be7 6. e3 0-0 7. b3 b6 8. cxd5 exd5 9. Bb2 Bb7 10. Bd3 Nbd7 11. 0-0 Re8 12. Ne5 Bd6 13. f4 a6 14. Qf3 Rc8 15. g4 Qe7 16. g5 Ne4 17. Nxe4 dxe4 18. Bxe4 Bxe4 19. Qxe4 c5 20. Rf2 cxd4 21. exd4 b5 22. Qg2 Nb6 23. f5 f6 24. gxf6 Qxf6 25. Ng4 Qh4 26. d5 Kh8 27. f6 Bf8 28. fxg7+ Bxg7 29. Bxg7+ Kxg7 30. Ne5+ Kh6 31. Nf7+ Kh5 32. Rf5+ Qg5 33. Qxg5# 1-0

[Event "Belgrade Trophy 33rd"]
[Site "Belgrade"]
[Date "2019.11.27"]
[Round "4"]
[White "Medancic, Rikard"]
[Black "Ravic, Nenad"]
[Result "1/2-1/2"]
[WhiteElo "2166"]
[BlackElo "2304"]
[PlyCount "100"]
[EventDate "2019.11.24"]
[EventType "swiss"]
[EventRounds "9"]
[EventCountry "SRB"]
[SourceTitle "CBM 193 Extra"]
[Source "ChessBase"]
[SourceDate "2020.01.31"]
[SourceVersion "1"]
[SourceVersionDate "2020.01.31"]
[SourceQuality "1"]

1. d4 Nf6 2. Bg5 Ne4 3. Bf4 c5 4. f3 Qa5+ 5. c3 Nf6 6. Nd2 cxd4 7. Nb3 Qd8 8. cxd4 d5 9. e3 e6 10. Bd3 Nc6 11. g4 Bb4+ 12. Kf2 a5 13. a3 Bd6 14. Ne2 Bxf4 15. Nxf4 Qb6 16. g5 Nd7 17. Qc2 a4 18. Nc5 Nxc5 19. dxc5 Qd8 20. h4 d4 21. Rae1 g6 22. exd4 Qxd4+ 23. Kg3 Ra5 24. Re4 Rxc5 25. Rxd4 Rxc2 26. Rd8+ Nxd8 27. Bxc2 b5 28. Rc1 Bd7 29. Be4 Ke7 30. Nd3 Kd6 31. Rd1 Kc7 32. Ne5 Be8 33. f4 Rf8 34. Rc1+ Kb8 35. h5 f6 36. gxf6 gxh5 37. Rd1 Kc7 38. Bxh7 Rxf6 39. Rc1+ Kb8 40. Be4 Nf7 41. Nc6+ Kc7 42. Nd4+ Kd8 43. Rd1 Ke7 44. Bc6 Nd6 45. Bxe8 Kxe8 46. Re1 Kf7 47. Re5 Ke8 48. Re1 Ke7 49. Rd1 Kd8 50. Rc1 Ke7 1/2-1/2

[Event "Arco op 41st"]
[Site "Arco"]
[Date "2019.10.11"]
[Round "8"]
[White "Medancic, Rikard"]
[Black "Favaloro, Andrea"]
[Result "1/2-1/2"]
[WhiteElo "2146"]
[BlackElo "2354"]
[PlyCount "54"]
[EventDate "2019.10.04"]
[EventType "swiss"]
[EventRounds "9"]
[EventCountry "ITA"]
[SourceTitle "EXT 2020"]
[Source "ChessBase"]
[SourceDate "2019.10.17"]
[SourceVersion "1"]
[SourceVersionDate "2019.10.17"]
[SourceQuality "1"]

1. Nf3 d5 2. b3 Bg4 3. Bb2 Bxf3 4. exf3 e6 5. f4 Nf6 6. g3 Be7 7. Bg2 0-0 8. 0-0 c5 9. d3 Nc6 10. c4 Ne8 11. Nc3 Bf6 12. Re1 Nc7 13. Rb1 Nd4 14. Ne2 Nxe2+ 15. Qxe2 Bxb2 16. Rxb2 Qf6 17. b4 cxb4 18. Rxb4 b6 19. cxd5 Nxd5 20. Rc4 Rad8 21. Qc2 Rd7 22. Re5 Qd8 23. f5 exf5 24. Rxf5 Nc7 25. d4 b5 26. Rcc5 Ne6 27. Rcd5 Rxd5 1/2-1/2

[Event "Arco op 41st"]
[Site "Arco"]
[Date "2019.10.07"]
[Round "4"]
[White "Medancic, Rikard"]
[Black "Oppici, Gabriele"]
[Result "1-0"]
[WhiteElo "2146"]
[BlackElo "1942"]
[PlyCount "99"]
[EventDate "2019.10.04"]
[EventType "swiss"]
[EventRounds "9"]
[EventCountry "ITA"]
[SourceTitle "EXT 2020"]
[Source "ChessBase"]
[SourceDate "2019.10.17"]
[SourceVersion "1"]
[SourceVersionDate "2019.10.17"]
[SourceQuality "1"]

1. d4 d6 2. e4 Nf6 3. Nc3 Nbd7 4. d5 g6 5. Bg5 Bg7 6. Qd2 a6 7. Bh6 0-0 8. f3 e6 9. dxe6 fxe6 10. 0-0-0 Ne5 11. Bxg7 Kxg7 12. f4 Nc6 13. Nf3 Qe7 14. Bd3 b5 15. Rhe1 e5 16. Nd5 Qd8 17. Qc3 Bb7 18. fxe5 dxe5 19. Nxe5 Nxd5 20. exd5 Nxe5 21. Rxe5 Kg8 22. Be4 Qd6 23. Bf3 Rae8 24. Rde1 Rxe5 25. Rxe5 Bc8 26. h4 Bf5 27. Qe3 Qb4 28. b3 Qxh4 29. Re7 Rf7 30. d6 Kf8 31. Rxf7+ Kxf7 32. dxc7 Qf6 33. Qc5 Bc8 34. Qd5+ Kg7 35. Qd8 Qe6 36. Bd5 Qe1+ 37. Kb2 Qe5+ 38. Ka3 Qf5 39. Qe7+ Kh6 40. Bg8 g5 41. Bxh7 Qxh7 42. Qf8+ Kh5 43. Qxc8 Qe7+ 44. Kb2 Qe5+ 45. c3 Qe2+ 46. Ka3 Qe7+ 47. b4 Qe1 48. Qh3+ Kg6 49. Qd3+ Kh6 50. c8Q 1-0

[Event "Krapina op 9th"]
[Site "Krapina"]
[Date "2019.01.17"]
[Round "1"]
[White "Medancic, Rikard"]
[Black "Nareks, Matic"]
[Result "1/2-1/2"]
[WhiteElo "2204"]
[BlackElo "1805"]
[PlyCount "119"]
[EventDate "2019.01.17"]
[EventType "swiss"]
[EventRounds "7"]
[EventCountry "CRO"]
[SourceTitle "CBM 188 Extra"]
[Source "ChessBase"]
[SourceDate "2019.02.26"]
[SourceVersion "1"]
[SourceVersionDate "2019.02.26"]
[SourceQuality "1"]

1. d4 f5 2. g4 fxg4 3. e4 d6 4. Nc3 Nf6 5. h3 Nc6 6. hxg4 Bxg4 7. f3 Bd7 8. d5 Ne5 9. f4 Nf7 10. Nf3 e5 11. dxe6 Bxe6 12. Nd4 Bd7 13. Bh3 Bxh3 14. Rxh3 Qd7 15. Rg3 0-0-0 16. Be3 Re8 17. Qf3 g6 18. 0-0-0 Nh5 19. Rgg1 Bh6 20. Kb1 Rhf8 21. f5 Ne5 22. Qh3 Bxe3 23. Qxe3 gxf5 24. Nxf5 Ng6 25. Qxa7 Qc6 26. Qa8+ Kd7 27. Qa5 Nf6 28. Nd4 Qc5 29. Qa4+ c6 30. Nb3 Qe5 31. Qb4 Kc7 32. Rh1 Re7 33. a4 Rd8 34. a5 Ra8 35. Rhf1 Nf4 36. Rd2 h5 37. Rdf2 Nxe4 38. Nxe4 Nd5 39. Qxd6+ Qxd6 40. Nxd6 Kxd6 41. Rd1 Kc7 42. Rh2 Rh8 43. Rdh1 Reh7 44. Rh4 Ne7 45. Nd4 Ng6 46. R4h2 h4 47. Rg1 Ne5 48. Rg5 Rh5 49. Rg7+ Kb8 50. Rh3 R8h6 51. Rb3 b5 52. Rh3 Rh7 53. Rg8+ Kb7 54. b4 R5h6 55. Ka2 Rg6 56. Rxg6 Nxg6 57. Ne6 Re7 58. Nd4 Rh7 59. Ne6 Re7 60. Nd4 1/2-1/2

[Event "Belgrade ChessAmateur op 5th"]
[Site "Belgrade"]
[Date "2019.01.06"]
[Round "4"]
[White "Musovic, Armin"]
[Black "Medancic, Rikard"]
[Result "1/2-1/2"]
[WhiteElo "2301"]
[BlackElo "2204"]
[PlyCount "95"]
[EventDate "2019.01.04"]
[EventType "swiss"]
[EventRounds "9"]
[EventCountry "SRB"]
[SourceTitle "CBM 188 Extra"]
[Source "ChessBase"]
[SourceDate "2019.02.26"]
[SourceVersion "1"]
[SourceVersionDate "2019.02.26"]
[SourceQuality "1"]

1. Nc3 e5 2. a3 Nf6 3. d4 exd4 4. Qxd4 Nc6 5. Qh4 Be7 6. Bg5 d6 7. 0-0-0 Ng4 8. Bxe7 Qxe7 9. Qg3 Qe5 10. Nh3 Qxg3 11. hxg3 Bd7 12. Nd5 Rc8 13. f3 Nge5 14. Nhf4 Ne7 15. e4 Nxd5 16. Nxd5 c6 17. Ne3 Ke7 18. Be2 f6 19. f4 Nf7 20. Rhe1 b5 21. c4 a6 22. Nf5+ Bxf5 23. exf5 Kd7 24. Bh5 Nh6 25. c5 d5 26. g4 g6 27. fxg6 hxg6 28. Bxg6 Rcg8 29. f5 Nxg4 30. Re6 Rh2 31. Rd2 Rh6 32. Rde2 Ne5 33. Rxf6 Nd3+ 34. Kc2 Nxc5 35. Rf7+ Kd6 36. Rf6+ Kd7 37. g4 d4 38. Rd2 d3+ 39. Rxd3+ Nxd3 40. Kxd3 Rh4 41. Bh5 Rgxg4 42. Bxg4 Rxg4 43. b4 Rg3+ 44. Kd4 Rxa3 45. Rh6 a5 46. Rh7+ Kd6 47. Rh6+ Kd7 48. Rh7+ 1/2-1/2

[Event "Zalakaros op 37th"]
[Site "Zalakaros"]
[Date "2018.06.02"]
[Round "9"]
[White "Peczely, Sebastian Zsombor"]
[Black "Medancic, Rikard"]
[Result "0-1"]
[WhiteElo "2244"]
[BlackElo "2164"]
[PlyCount "96"]
[EventDate "2018.05.25"]
[EventType "swiss"]
[EventRounds "9"]
[EventCountry "HUN"]
[SourceTitle "CBM 184 Extra"]
[Source "ChessBase"]
[SourceDate "2018.06.28"]
[SourceVersion "1"]
[SourceVersionDate "2018.06.28"]
[SourceQuality "1"]

1. e4 g6 2. d4 Bg7 3. Nc3 d6 4. Be3 a6 5. f3 Nd7 6. Qd2 e6 7. 0-0-0 b5 8. Kb1 Bb7 9. g4 h6 10. h4 Ne7 11. Nh3 c5 12. g5 h5 13. Nf2 Qc7 14. Bh3 Nb6 15. b3 b4 16. Ne2 a5 17. Nf4 cxd4 18. Bxd4 e5 19. Bxb6 Qxb6 20. Nd5 Nxd5 21. exd5 a4 22. Rhe1 Ra5 23. f4 0-0 24. f5 Rfa8 25. Ne4 axb3 26. cxb3 Rxa2 27. Qxa2 Rxa2 28. Kxa2 Qa5+ 29. Kb1 Bxd5 30. Rc1 Qa3 31. Rc8+ Kh7 32. fxg6+ fxg6 33. Bg2 Qxb3+ 34. Kc1 Qa3+ 35. Kd1 Qa1+ 36. Kd2 Qd4+ 37. Kc1 Qa1+ 38. Kd2 Qb2+ 39. Rc2 Qd4+ 40. Kc1 b3 41. Rce2 Bxe4 42. Bxe4 d5 43. Bb1 e4 44. Rd2 Qc4+ 45. Kd1 Bc3 46. Bd3 Qd4 47. Rf1 Bxd2 48. Rf6 Bxg5 0-1

[Event "Sarajevo Bosna op 48th"]
[Site "Sarajevo"]
[Date "2018.05.11"]
[Round "9"]
[White "Medancic, Rikard"]
[Black "Zenelaj, Samuel"]
[Result "1-0"]
[WhiteElo "2164"]
[BlackElo "1840"]
[PlyCount "78"]
[EventDate "2018.05.05"]
[EventType "swiss"]
[EventRounds "9"]
[EventCountry "BIH"]
[SourceTitle "CBM 184 Extra"]
[Source "ChessBase"]
[SourceDate "2018.06.28"]
[SourceVersion "1"]
[SourceVersionDate "2018.06.28"]
[SourceQuality "1"]

1. d4 Nf6 2. Bg5 Ne4 3. Bf4 d5 4. e3 Bf5 5. Nf3 e6 6. c4 c6 7. Be2 Be7 8. Qb3 Qc8 9. Nc3 Nd7 10. h3 h6 11. Nxe4 Bxe4 12. 0-0 0-0 13. Nd2 Bh7 14. Rfc1 Nf6 15. Bf3 Rd8 16. c5 Re8 17. Qc3 Bd8 18. Be2 Bc7 19. b4 a6 20. a4 Nd7 21. Nf3 f6 22. Bxc7 Qxc7 23. Bd3 e5 24. Bxh7+ Kxh7 25. dxe5 fxe5 26. e4 Nf6 27. exd5 Nxd5 28. Qc2+ Kh8 29. Qe4 Nf6 30. Qg6 Nd5 31. Rc4 Rad8 32. Re1 Nf6 33. Nh4 Rd2 34. Nf5 Rf8 35. Nxh6 Ne4 36. Rexe4 Rfxf2 37. Rg4 Qd7 38. Rg3 Rf6 39. Qg5 Rxh6 1-0

[Event "Sarajevo Bosna op 48th"]
[Site "Sarajevo"]
[Date "2018.05.05"]
[Round "1"]
[White "Medancic, Rikard"]
[Black "Herega, Nejc"]
[Result "1-0"]
[WhiteElo "2164"]
[BlackElo "1600"]
[PlyCount "73"]
[EventDate "2018.05.05"]
[EventType "swiss"]
[EventRounds "9"]
[EventCountry "BIH"]
[SourceTitle "CBM 184 Extra"]
[Source "ChessBase"]
[SourceDate "2018.06.28"]
[SourceVersion "1"]
[SourceVersionDate "2018.06.28"]
[SourceQuality "1"]

1. Nf3 c5 2. g3 Nf6 3. Bg2 d5 4. d4 e6 5. 0-0 Nc6 6. c4 cxd4 7. Nxd4 Qb6 8. Nxc6 bxc6 9. Nc3 Bd7 10. cxd5 cxd5 11. e4 dxe4 12. Nxe4 Nxe4 13. Bxe4 Rd8 14. Bg5 Be7 15. Bxe7 Kxe7 16. Qd2 f6 17. Rfe1 Bc6 18. Qc3 Bxe4 19. Rxe4 Qd6 20. Rae1 Qb6 21. Rc4 e5 22. Rc6 Qb8 23. Rc7+ Rd7 24. Qc5+ Kd8 25. Rxd7+ Kxd7 26. Rd1+ Ke6 27. Qc6+ Kf5 28. Qf3+ Kg6 29. Rd7 h5 30. b3 a5 31. Qd3+ Kh6 32. Qd2+ Kh7 33. Qxa5 Qc8 34. Qd2 Re8 35. b4 Qc6 36. Qd5 Qc1+ 37. Kg2 1-0

[Event "Nova Gorica op 23rd"]
[Site "Nova Gorica"]
[Date "2018.01.29"]
[Round "6"]
[White "Medancic, Rikard"]
[Black "Pagnutti, Lorenzo"]
[Result "1-0"]
[WhiteElo "2180"]
[BlackElo "1990"]
[PlyCount "96"]
[EventDate "2018.01.26"]
[EventType "swiss"]
[EventRounds "9"]
[EventCountry "SLO"]
[SourceTitle "CBM 182 Extra"]
[Source "ChessBase"]
[SourceDate "2018.02.23"]
[SourceVersion "1"]
[SourceVersionDate "2018.02.23"]
[SourceQuality "1"]

1. d4 Nf6 2. Bg5 Ne4 3. Bf4 c5 4. f3 Qa5+ 5. c3 Nf6 6. dxc5 Qxc5 7. e4 d6 8. Qd2 Bd7 9. Na3 g6 10. Be3 Qc8 11. Bd3 Bg7 12. Ne2 Nc6 13. Nf4 0-0 14. 0-0 Ne5 15. Be2 Bc6 16. Nd5 Bxd5 17. exd5 Ned7 18. c4 b6 19. Nb5 Qb7 20. Rfe1 Rac8 21. Rac1 Rfe8 22. Kh1 h5 23. Bf1 Kh7 24. Bg5 Ne5 25. b3 a6 26. Nc3 Ng8 27. f4 Ng4 28. Bd3 Qd7 29. Re2 N4h6 30. Bh4 Nf5 31. Bf2 Rb8 32. Ne4 Ngh6 33. Ng3 Nxg3+ 34. Bxg3 Ng4 35. Rf1 Bh6 36. Qc2 Kg8 37. h3 Nf6 38. Rc1 Kg7 39. Qc3 Kf8 40. Qd4 Bg7 41. Bh4 Ng8 42. Qe3 Bf6 43. Qg3 Nh6 44. Qf2 Ng8 45. Bg5 Bc3 46. Rf1 Bf6 47. Qh4 Bxg5 48. fxg5 Nf6 1-0

[Event "Nova Gorica op 23rd"]
[Site "Nova Gorica"]
[Date "2018.01.27"]
[Round "2"]
[White "Medancic, Rikard"]
[Black "Urh, Zala"]
[Result "1-0"]
[WhiteElo "2180"]
[BlackElo "1980"]
[PlyCount "87"]
[EventDate "2018.01.26"]
[EventType "swiss"]
[EventRounds "9"]
[EventCountry "SLO"]
[SourceTitle "CBM 182 Extra"]
[Source "ChessBase"]
[SourceDate "2018.02.23"]
[SourceVersion "1"]
[SourceVersionDate "2018.02.23"]
[SourceQuality "1"]

1. d4 Nf6 2. c4 e6 3. Nc3 Bb4 4. g3 0-0 5. Bg2 d5 6. Nf3 dxc4 7. 0-0 Nc6 8. e3 Nd5 9. Qc2 Nb6 10. Na4 Na5 11. Ne5 Bd7 12. Nc5 Bxc5 13. dxc5 Nd5 14. Rd1 Qe7 15. Bd2 Nc6 16. Nxd7 Qxd7 17. Qxc4 Qe7 18. b4 Rfd8 19. a3 Ne5 20. Qe2 a5 21. e4 Nf6 22. Bc3 Ng6 23. Rxd8+ Rxd8 24. bxa5 Qxc5 25. Qb2 Ng4 26. Rc1 Qa7 27. h3 Nf6 28. Bxf6 gxf6 29. Qxf6 Rd7 30. Rxc7 Rxc7 31. Qd8+ Kg7 32. Qxc7 h5 33. Qb6 Qb8 34. a6 h4 35. Qd4+ Kh7 36. a7 Qc8 37. Qa4 hxg3 38. a8Q Qc1+ 39. Bf1 gxf2+ 40. Kxf2 Qf4+ 41. Ke2 Qh2+ 42. Kd1 Qd6+ 43. Kc2 Qc5+ 44. Qc4 1-0

[Event "Arco Christmas op 8th"]
[Site "Arco"]
[Date "2017.12.30"]
[Round "7"]
[White "Medancic, Rikard"]
[Black "Trauth, Michael"]
[Result "1/2-1/2"]
[WhiteElo "2187"]
[BlackElo "2109"]
[PlyCount "59"]
[EventDate "2017.12.26"]
[EventType "swiss"]
[EventRounds "7"]
[EventCountry "ITA"]
[SourceTitle "CBM 182 Extra"]
[Source "ChessBase"]
[SourceDate "2018.02.23"]
[SourceVersion "1"]
[SourceVersionDate "2018.02.23"]
[SourceQuality "1"]

1. d4 d5 2. Nf3 Nf6 3. g3 g6 4. Bg2 Bg7 5. 0-0 0-0 6. c4 c6 7. Nbd2 Nbd7 8. b3 b6 9. Bb2 Bb7 10. Qc2 Rc8 11. e4 dxe4 12. Nxe4 Nxe4 13. Qxe4 Nf6 14. Qe2 e6 15. Rfd1 Qc7 16. a4 Rfd8 17. a5 c5 18. axb6 axb6 19. dxc5 bxc5 20. Be5 Qb6 21. Qb2 Rxd1+ 22. Rxd1 Rd8 23. Rxd8+ Qxd8 24. Qd2 Qxd2 25. Nxd2 Bxg2 26. Kxg2 Nd7 27. Bxg7 Kxg7 28. Kf3 f5 29. Ke3 Kf6 30. b4 1/2-1/2